000 01342nam a2200337 c 4500
003 BLK
005 20180816131103.0
008 180412b bul|||||r ||||||| ||bul||
010 _aKNG00015088000
040 _aBLK
041 _aBUL
_cBUL
080 _aАмериканска литература (на САЩ)
_b821.111(73)
_x-312.9
_z821.111(73)-312.9
100 1 _aРанкин, Робърт
_eпърви автор
_9258352
700 1 _aТалев, Павел
_eпрев. от англ.
_9364722
700 1 _aАкрабова, Мария
_eпрев. от англ.
_929877
139 _aРанкин, Робърт
_bР 36
245 1 0 _aНай-страхотното шоу в космоса
_bРоман
_cРобърт Ранкин; прев. от англ. Павел Талев; прев. от англ. Мария Акрабова.
257 _aUSA
260 София
_bБард
_c1996
300 _a288 с.
_c20 см
380 _aX
490 1 _aБиблиотека Фентъзи клуб
_v№ 17
500 _aОриг. загл. The Createst Show Off Earth / Robert Rankin. - 7 000 тир.
653 _aфентъзи
653 _aромани
852 _aЦб 189783
856 4 _qpdf
_u
856 4 _qpdf
_u
942 _cKNG
_n0
_01
944 _aCR
_c15.01.2003
_lф /
_kAB_DOS
944 _aED
_c05.12.2016
_lф /
_kЛюдмила_Стоянова
999 _c13445
_d13445